[Event "OP-2013-0-03100"]
[Site "LSS email"]
[Date "2013.11.04"]
[Round "?"]
[White "Belov, Eduard"]
[Black "Perez Garcia, Miguel"]
[Result "1-0"]
[WhiteElo "1197"]
[BlackElo "1321"]
[PlyCount "35"]
[EventDate "2013.11.01"]
[EventType "tourn (corr)"]
[EventRounds "4"]
[EventCountry "GER"]
[SourceTitle "Telechess CBM 167"]
[Source "ChessBase"]
[SourceDate "2015.07.13"]
[SourceVersion "1"]
[SourceVersionDate "2015.07.13"]
[SourceQuality "1"]

1. d4 d5 2. c4 e6 3. Nf3 c6 4. Nc3 Nf6 5. e3 Nbd7 6. Bd2 dxc4 7. Bxc4 b5 8. Bd3 a6 9. a4 Bb7 10. axb5 cxb5 11. 0-0 Bb4 12. Nxb5 axb5 13. Rxa8 Qxa8 14. Bxb4 Nd5 15. Qb3 Nxb4 16. Qxb4 Bc6 17. Rc1 Qb7 18. Qd6 1-0

[Event "OP-2013-0-03100"]
[Site "LSS email"]
[Date "2013.11.04"]
[Round "?"]
[White "Belov, Eduard"]
[Black "Sarakenidis, Nikolaos"]
[Result "0-1"]
[WhiteElo "1197"]
[BlackElo "2007"]
[PlyCount "84"]
[EventDate "2013.11.01"]
[EventType "tourn (corr)"]
[EventRounds "4"]
[EventCountry "GER"]
[SourceTitle "Telechess CBM 167"]
[Source "ChessBase"]
[SourceDate "2015.07.13"]
[SourceVersion "1"]
[SourceVersionDate "2015.07.13"]
[SourceQuality "1"]

1. d4 Nf6 2. c4 e6 3. Nc3 Bb4 4. Nf3 b6 5. e3 Bb7 6. Bd3 0-0 7. 0-0 c5 8. Bd2 cxd4 9. exd4 d5 10. cxd5 Nxd5 11. Qb3 Nxc3 12. Qxb4 Ne4 13. Bf4 Nf6 14. Bd6 Bxf3 15. gxf3 Nc6 16. Qa3 Re8 17. Rfd1 Nxd4 18. Bxh7+ Nxh7 19. Rxd4 Qf6 20. Rf4 Qh6 21. Kh1 Rad8 22. Rd4 Qh5 23. Rg1 e5 24. Rdg4 g6 25. Bb4 Qf5 26. Qb3 Rd3 27. Rxg6+ Kh8 28. Qa4 Qxf3+ 29. R6g2 Rg8 30. Be1 f6 31. Qb5 Rxg2 32. Rxg2 Ng5 33. Qe8+ Kh7 34. Qe7+ Kg6 35. Qe8+ Kf5 36. Qc8+ Ne6 37. Qe8 e4 38. Qg6+ Ke5 39. Qg3+ Nf4 40. Qxf3 exf3 41. Rg1 Nh3 42. Bc3+ Kf4 0-1

[Event "OP-2013-0-03080"]
[Site "LSS email"]
[Date "2013.10.26"]
[Round "?"]
[White "Lenz, Juergen"]
[Black "Belov, Eduard"]
[Result "0-1"]
[WhiteElo "1003"]
[BlackElo "1197"]
[PlyCount "40"]
[EventDate "2013.10.23"]
[EventType "tourn (corr)"]
[EventRounds "4"]
[EventCountry "GER"]
[SourceTitle "Telechess CBM 167"]
[Source "ChessBase"]
[SourceDate "2015.07.13"]
[SourceVersion "1"]
[SourceVersionDate "2015.07.13"]
[SourceQuality "1"]

1. d4 d5 2. Nf3 Nc6 3. Bf4 Nf6 4. e3 Nh5 5. Bg5 h6 6. Bh4 g5 7. Ne5 Nxe5 8. dxe5 Ng7 9. Bg3 c6 10. c4 h5 11. h3 Nf5 12. Bh2 d4 13. e4 Nh4 14. g3 Ng6 15. f4 Bh6 16. Qxh5 Qb6 17. b3 gxf4 18. gxf4 d3 19. Nd2 Qe3+ 20. Kd1 Bxf4 0-1

[Event "RN-2013-0-00704"]
[Site "LSS email"]
[Date "2013.09.30"]
[Round "?"]
[White "Hughes, Chris"]
[Black "Belov, Eduard"]
[Result "0-1"]
[WhiteElo "821"]
[BlackElo "1273"]
[PlyCount "36"]
[EventDate "2013.09.19"]
[EventType "tourn (corr)"]
[EventRounds "6"]
[EventCountry "GER"]
[SourceTitle "Corr 2015"]
[Source "ChessBase"]
[SourceDate "2015.07.17"]
[SourceVersion "1"]
[SourceVersionDate "2015.07.17"]
[SourceQuality "1"]

1. d4 d5 2. c4 e6 3. Nc3 Nf6 4. Bg5 Bb4 5. cxd5 exd5 6. e3 0-0 7. Bd3 c5 8. Nge2 c4 9. Bc2 Be6 10. 0-0 Nbd7 11. a3 Be7 12. Qb1 h6 13. Bxf6 Nxf6 14. Nf4 Bd6 15. Nxe6 fxe6 16. Nb5 Bxh2+ 17. Kxh2 Ng4+ 18. Kg1 Qh4 0-1

[Event "OP-2013-0-03024"]
[Site "LSS email"]
[Date "2013.09.27"]
[Round "?"]
[White "Belov, Eduard"]
[Black "Linart, Ludvik"]
[Result "1-0"]
[WhiteElo "1194"]
[BlackElo "861"]
[PlyCount "49"]
[EventDate "2013.09.24"]
[EventType "tourn (corr)"]
[EventRounds "4"]
[EventCountry "GER"]
[SourceTitle "Telechess CBM 167"]
[Source "ChessBase"]
[SourceDate "2015.07.13"]
[SourceVersion "1"]
[SourceVersionDate "2015.07.13"]
[SourceQuality "1"]

1. d4 f5 2. g3 e6 3. Bg2 Nf6 4. Nf3 Be7 5. c4 c6 6. 0-0 d5 7. Bg5 0-0 8. Nc3 Nbd7 9. Qd3 Ne4 10. Bxe7 Qxe7 11. Rac1 Qb4 12. cxd5 exd5 13. Rc2 b6 14. Bh3 Qd6 15. Qe3 Rf6 16. Nxe4 fxe4 17. Rfc1 c5 18. Nh4 Bb7 19. dxc5 Nxc5 20. b4 Ne6 21. Nf5 Qxb4 22. Nxg7 d4 23. Bxe6+ Kxg7 24. Qg5+ Rg6 25. Rc7+ 1-0

[Event "OP-2013-0-03024"]
[Site "LSS email"]
[Date "2013.09.27"]
[Round "?"]
[White "Smith, Harry E"]
[Black "Belov, Eduard"]
[Result "0-1"]
[WhiteElo "671"]
[BlackElo "1194"]
[PlyCount "48"]
[EventDate "2013.09.24"]
[EventType "tourn (corr)"]
[EventRounds "4"]
[EventCountry "GER"]
[SourceTitle "Telechess CBM 167"]
[Source "ChessBase"]
[SourceDate "2015.07.13"]
[SourceVersion "1"]
[SourceVersionDate "2015.07.13"]
[SourceQuality "1"]

1. e4 e5 2. Nf3 Nc6 3. g3 Nf6 4. d3 d5 5. Bg2 dxe4 6. dxe4 Qxd1+ 7. Kxd1 Nxe4 8. Be3 Nf6 9. Re1 Bg4 10. Ke2 e4 11. Nbd2 exf3+ 12. Bxf3 0-0-0 13. Rad1 Bf5 14. Rc1 Nd5 15. Kf1 Nxe3+ 16. Rxe3 Rxd2 17. c3 Bc5 18. Re2 Bd3 19. b4 Re8 20. Rce1 Bxb4 21. cxb4 Nd4 22. Bg4+ f5 23. Bxf5+ Nxf5 24. g4 Nh4 0-1